<?xml version="1.0" encoding="UTF-8"?>
<record
    xmlns:xsi="http://www.w3.org/2001/XMLSchema-instance"
    xsi:schemaLocation="http://www.loc.gov/MARC21/slim http://www.loc.gov/standards/marcxml/schema/MARC21slim.xsd"
    xmlns="http://www.loc.gov/MARC21/slim">

  <leader>02461nam a22003977a 4500</leader>
  <datafield tag="999" ind1=" " ind2=" ">
    <subfield code="c">21861</subfield>
    <subfield code="d">21861</subfield>
  </datafield>
  <controlfield tag="003">AR-CdUCM</controlfield>
  <controlfield tag="008">190425b           ||||| |||| 00| 0 spa d</controlfield>
  <datafield tag="040" ind1=" " ind2=" ">
    <subfield code="a">MUNICIPALIDAD PROVINCIAL DEL CUSCO</subfield>
    <subfield code="c">BIBLIOTECA MUNICIPAL DEL CUSCO</subfield>
  </datafield>
  <datafield tag="082" ind1=" " ind2=" ">
    <subfield code="a">Rev.Andi/N&#xB0;50/2010</subfield>
  </datafield>
  <datafield tag="110" ind1=" " ind2=" ">
    <subfield code="a">Centro Bartolom&#xE9; de Las Casas</subfield>
    <subfield code="9">3293</subfield>
  </datafield>
  <datafield tag="245" ind1=" " ind2=" ">
    <subfield code="a">Revista andina /</subfield>
    <subfield code="c">Centro de estudios rurales andinos Bartolom&#xE9; de Las Casas Cusco</subfield>
  </datafield>
  <datafield tag="260" ind1=" " ind2=" ">
    <subfield code="a">Cusco :</subfield>
    <subfield code="b">Centro Bartolom&#xE9; de Las Casas,</subfield>
    <subfield code="c">2010.</subfield>
  </datafield>
  <datafield tag="300" ind1=" " ind2=" ">
    <subfield code="a">302 p&#xE1;ginas. :</subfield>
    <subfield code="c">23 cm.</subfield>
  </datafield>
  <datafield tag="440" ind1=" " ind2=" ">
    <subfield code="a">Publicaci&#xF3;n Semestral del Centro Bartolom&#xE9; de Las Casas Cusco.</subfield>
    <subfield code="n">N&#xFA;mero 50, Primer semestre 2010.</subfield>
    <subfield code="9">46535</subfield>
  </datafield>
  <datafield tag="505" ind1=" " ind2=" ">
    <subfield code="a">Contenido: En torno del Taqui Oncoy: texto y contexto. H&#xE9;l&#xE8;ne Roy. -- La Memoria de los dioses: el rito en la gobernabilidad incaica. Antoinette Molini&#xE9;. -- La Graf&#xED;a en la toponimia andina (siglos XVI-XVII) ejemplos representativos. Rodolfo Cerr&#xF3;n-Palomino. -- Comunidades Religiosas del Cuzco: Esc&#xE1;ndalos P&#xFA;blicos y Sospechas de Conspiraci&#xF3;n Criolla a Fines del Siglo XVIII. Cora V. Bunster. -- Ak'awill&#xE1;y: un pueblo aut&#xF3;nomo durante la colonizaci&#xF3;n wari en el Cusco. V&#xE9;ronique B&#xE9;lisle, Vicentina Galiano Blanco. -- Textos y ritos del bautismo indiano en documentos notariales del siglo XVI. Ofelia Huamanchumo de la Cuba. -- El Servicio personal en el extremo sur de Virreinato del Per&#xFA;: el caso de C&#xF3;rdoba a fines del siglo XVII. Constanza Gonz&#xE1;lez Navarro. -- Un Documento sobre los panos meridionales en el Mojos jesu&#xED;tico (1753). Diego Villar, Lorena C&#xF3;rdoba, lsabelle Comb&#xE9;s. -- El Conflicto entre eurocentrismo y empat&#xED;a en la literatura de viajes de Humboldt. Eduardo Muratta Bunsen.</subfield>
  </datafield>
  <datafield tag="650" ind1=" " ind2=" ">
    <subfield code="a">Taqui Oncoy</subfield>
    <subfield code="9">46536</subfield>
  </datafield>
  <datafield tag="650" ind1=" " ind2=" ">
    <subfield code="a">Mesianismo</subfield>
    <subfield code="9">2060</subfield>
  </datafield>
  <datafield tag="650" ind1=" " ind2=" ">
    <subfield code="a">Gobernabilidad Inka</subfield>
    <subfield code="9">46537</subfield>
  </datafield>
  <datafield tag="650" ind1=" " ind2=" ">
    <subfield code="a">Religiosidad andina</subfield>
    <subfield code="9">44127</subfield>
  </datafield>
  <datafield tag="650" ind1=" " ind2=" ">
    <subfield code="a">Waris</subfield>
    <subfield code="9">46538</subfield>
  </datafield>
  <datafield tag="650" ind1=" " ind2=" ">
    <subfield code="a">Inkas</subfield>
    <subfield code="9">1899</subfield>
  </datafield>
  <datafield tag="650" ind1=" " ind2=" ">
    <subfield code="a">Virreinato del Per&#xFA;</subfield>
    <subfield code="9">2484</subfield>
  </datafield>
  <datafield tag="700" ind1=" " ind2=" ">
    <subfield code="a">Roy, H&#xE9;l&#xE8;ne</subfield>
    <subfield code="9">46539</subfield>
  </datafield>
  <datafield tag="700" ind1=" " ind2=" ">
    <subfield code="a">Molini&#xE9;, Antoinette</subfield>
    <subfield code="9">7766</subfield>
  </datafield>
  <datafield tag="700" ind1=" " ind2=" ">
    <subfield code="a">Cerr&#xF3;n Palomino, Rodolfo</subfield>
    <subfield code="9">7429</subfield>
  </datafield>
  <datafield tag="700" ind1=" " ind2=" ">
    <subfield code="a">Bunster, Cora</subfield>
    <subfield code="9">46540</subfield>
  </datafield>
  <datafield tag="700" ind1=" " ind2=" ">
    <subfield code="a">B&#xE9;lisle, V&#xE9;ronique</subfield>
    <subfield code="9">46541</subfield>
  </datafield>
  <datafield tag="700" ind1=" " ind2=" ">
    <subfield code="a">Galiano Blanco, Vicentina</subfield>
    <subfield code="9">46542</subfield>
  </datafield>
  <datafield tag="700" ind1=" " ind2=" ">
    <subfield code="a">Huamanchumo de la Cuba, Ofelia</subfield>
    <subfield code="9">46543</subfield>
  </datafield>
  <datafield tag="700" ind1=" " ind2=" ">
    <subfield code="a">Gonz&#xE1;lez Navarro, Constanza</subfield>
    <subfield code="9">46544</subfield>
  </datafield>
  <datafield tag="700" ind1=" " ind2=" ">
    <subfield code="a">Villar, Diego</subfield>
    <subfield code="9">46533</subfield>
  </datafield>
  <datafield tag="700" ind1=" " ind2=" ">
    <subfield code="a">Muratta Bunsen, Eduardo</subfield>
    <subfield code="9">46545</subfield>
  </datafield>
  <datafield tag="942" ind1=" " ind2=" ">
    <subfield code="2">ddc</subfield>
    <subfield code="c">PP</subfield>
  </datafield>
  <datafield tag="945" ind1=" " ind2=" ">
    <subfield code="a">rac</subfield>
  </datafield>
  <datafield tag="952" ind1=" " ind2=" ">
    <subfield code="0">0</subfield>
    <subfield code="2">ddc</subfield>
    <subfield code="4">0</subfield>
    <subfield code="7">0</subfield>
    <subfield code="a">HEM</subfield>
    <subfield code="b">HEM</subfield>
    <subfield code="c">CART</subfield>
    <subfield code="d">2021-08-26</subfield>
    <subfield code="g">10.00</subfield>
    <subfield code="o">Rev.Andi/N&#xB0;50/2010</subfield>
    <subfield code="p">REVC000345</subfield>
    <subfield code="r">2021-08-26</subfield>
    <subfield code="y">PP</subfield>
  </datafield>
  <datafield tag="952" ind1=" " ind2=" ">
    <subfield code="0">0</subfield>
    <subfield code="2">ddc</subfield>
    <subfield code="4">0</subfield>
    <subfield code="7">0</subfield>
    <subfield code="a">HEM</subfield>
    <subfield code="b">HEM</subfield>
    <subfield code="c">CART</subfield>
    <subfield code="d">2021-08-26</subfield>
    <subfield code="g">10.00</subfield>
    <subfield code="o">Rev.Andi/N&#xB0;50/2010/e.2</subfield>
    <subfield code="p">REVC000346</subfield>
    <subfield code="r">2021-08-26</subfield>
    <subfield code="y">PP</subfield>
  </datafield>
</record>
